[Event "Las Americas Team op U2400 Hybrid"]
[Site "Internet"]
[Date "2022.05.14"]
[Round "4.4"]
[White "Aviles Campos, Andrea Regina"]
[Black "Wilson, Hannah"]
[Result "1-0"]
[WhiteElo "1675"]
[BlackElo "1492"]
[PlyCount "75"]
[EventDate "2022.05.14"]
[EventType "team-swiss"]
[EventRounds "5"]
[EventCountry "VEN"]
[SourceTitle "EXT 2023"]
[Source "ChessBase"]
[SourceDate "2022.10.05"]
[SourceVersion "1"]
[SourceVersionDate "2022.10.05"]
[SourceQuality "1"]

1. e4 c5 2. Nf3 g6 3. d4 cxd4 4. Nxd4 Nc6 5. c4 Bg7 6. Be3 Nf6 7. Nc3 Ng4 8. Qxg4 Nxd4 9. Qd1 Ne6 10. Qd2 0-0 11. Be2 b6 12. 0-0 Bb7 13. f3 Rc8 14. Rac1 d6 15. Rfd1 Qd7 16. Nb5 Bc6 17. Nc3 Rfd8 18. b3 Qb7 19. Kf1 Qb8 20. h3 Bf6 21. Nd5 Bxd5 22. cxd5 Nc5 23. Rc2 Qb7 24. Rdc1 a5 25. Bb5 e6 26. Bc6 Qe7 27. Rc4 Bh4 28. b4 axb4 29. Rxb4 f5 30. exf5 exf5 31. Rxb6 Rf8 32. Bxc5 dxc5 33. d6 Qd8 34. Qd5+ Kh8 35. Qxc5 Bf6 36. d7 Rc7 37. Rcb1 Qxd7 38. Qxf8# 1-0

[Event "Las Americas Team op U2400 Hybrid"]
[Site "Internet"]
[Date "2022.05.14"]
[Round "2.4"]
[White "Ramon Pita, Sergio"]
[Black "Aviles Campos, Andrea Regina"]
[Result "1-0"]
[WhiteElo "1816"]
[BlackElo "1675"]
[PlyCount "141"]
[EventDate "2022.05.14"]
[EventType "team-swiss"]
[EventRounds "5"]
[EventCountry "VEN"]
[SourceTitle "EXT 2023"]
[Source "ChessBase"]
[SourceDate "2022.10.05"]
[SourceVersion "1"]
[SourceVersionDate "2022.10.05"]
[SourceQuality "1"]

1. e4 e5 2. Nf3 Nc6 3. d4 exd4 4. Nxd4 Nf6 5. Nxc6 bxc6 6. Qe2 Qe7 7. Nc3 d5 8. exd5 cxd5 9. Bg5 Qxe2+ 10. Bxe2 Bb4 11. Bxf6 gxf6 12. 0-0-0 Bxc3 13. bxc3 Be6 14. Bf3 c6 15. c4 0-0-0 16. cxd5 cxd5 17. Rd4 Rd6 18. Rhd1 Rhd8 19. R1d3 Kc7 20. Ra3 Kb7 21. Rda4 a6 22. Be2 Ra8 23. Rb3+ Rb6 24. Rxb6+ Kxb6 25. Rh4 Bf5 26. Rf4 Be6 27. Rxf6 Kc5 28. Bd3 d4 29. a3 a5 30. h4 Rg8 31. g3 h5 32. Rh6 Bg4 33. Rf6 Be6 34. Bf5 Bd5 35. Rh6 Bf3 36. Rh7 Rf8 37. Kd2 Kc4 38. Bd3+ Kc5 39. Be2 Bg4 40. Bxg4 hxg4 41. Kd3 Kd5 42. Rg7 Rc8 43. Rg5+ Ke6 44. Rxa5 Rc3+ 45. Kxd4 Rxc2 46. Ke3 f5 47. h5 Rc3+ 48. Ke2 Kf6 49. h6 Rc7 50. Ra6+ Kg5 51. a4 f4 52. gxf4+ Kxf4 53. Rd6 Rc2+ 54. Rd2 Rc7 55. a5 Re7+ 56. Kf1 Kg5 57. Rd6 Rf7 58. Kg2 Ra7 59. a6 Rc7 60. Rb6 Rh7 61. Kg3 Ra7 62. Rc6 Rf7 63. Rb6 Ra7 64. Kg2 Kh5 65. Kf1 Kg5 66. Ke2 Kf4 67. Kd3 Rd7+ 68. Kc4 Rc7+ 69. Kb5 Rh7 70. Rb7 Rxh6 71. a7 1-0